|
|
|
|
| LEADER |
00000cam a2200000 7i4500 |
| 001 |
0000054624 |
| 005 |
20220105105355.0 |
| 008 |
151108 |
| 020 |
|
|
|a 983060179X
|
| 090 |
0 |
0 |
|a AD
|b MAL
|
| 100 |
1 |
|
|a Mohamad Sobri bin Jaafar
|
| 245 |
1 |
0 |
|a Misteri bengkel lama
|c Muhamad Sobri Bin Jaafar
|
| 260 |
|
|
|a Petaling Jaya :
|b Hasrat Murni ,
|c 2003
|
| 300 |
|
|
|a 62pg. :
|b ill.
|
| 490 |
1 |
|
|a Saya anak Malaysia
|
| 500 |
|
|
|a Children ages 7-9 years old (orange)
|
| 650 |
|
0 |
|a Children's story, Malay
|
| 999 |
|
|
|a 0000883300
|b Book
|c Children Collection
|e Cawangan Segamat
|
| 999 |
|
|
|a 0000883301
|b Book
|c Children Collection
|e Cawangan Segamat
|
| 999 |
|
|
|a 0000883302
|b Book
|c Children Collection
|e Cawangan Segamat
|
| 999 |
|
|
|a 0000918423
|b Book
|c Children Collection
|e Cawangan Bukit Gambir
|
| 999 |
|
|
|a 0000918424
|b Book
|c Children Collection
|e Cawangan Bukit Gambir
|
| 999 |
|
|
|a 0000918425
|b Book
|c Children Collection
|e Cawangan Bukit Gambir
|
| 999 |
|
|
|a 0000929128
|b Book
|c Children Collection
|e Cawangan Tangkak
|